MARC details
| 000 -LEADER |
| fixed length control field |
00940cab a2200181 4500 |
| 001 - CONTROL NUMBER |
| control field |
##L134399 |
| 008 - FIXED-LENGTH DATA ELEMENTS--GENERAL INFORMATION |
| fixed length control field |
060802n2006 000 0 eng u |
| 035 ## - SYSTEM CONTROL NUMBER |
| System control number |
(Sirsi) u134399 |
| 041 0# - LANGUAGE CODE |
| Language code of text/sound track or separate title |
eng |
| 245 00 - TITLE STATEMENT |
| Title |
Key data |
| Remainder of title |
occupiers |
| 260 ## - PUBLICATION, DISTRIBUTION, ETC. |
| Date of publication, distribution, etc. |
2006 |
| 490 #0 - SERIES STATEMENT |
| Series statement |
EuroProperty |
| Volume/sequential designation |
August 2006, 43(1) |
| 520 ## - SUMMARY, ETC. |
| Summary, etc. |
Reports that landlords favour leases of more than double the length of those wanted by tenants, according to a pan-European survey from Cushman and Wakefield, "Business briefing on landlords and tenants". Among other findings, cost is the single factor most likely to have an impact on amount of office space required over the next five years. Provides a table ranking each country's prime rents and yields. Also reports a fall in office take-up in Germany's main cities over the first six months of 2006. |
| 590 ## - LOCAL NOTE (RLIN) |
| Local note |
IKA010806 |
| 651 #4 - SUBJECT ADDED ENTRY--GEOGRAPHIC NAME |
| Geographic name |
EUROPEAN |
| 690 ## - LOCAL SUBJECT ADDED ENTRY--TOPICAL TERM (OCLC, RLIN) |
| Topical term or geographic name as entry element |
PROPERTY-COMMERCIAL PROPERTY-OFFICE PROPERTY |
| 942 ## - ADDED ENTRY ELEMENTS (KOHA) |
| Suppress in OPAC |
0 |